| 000 | 01501nam0a22003371 4500 | ||
|---|---|---|---|
| 001 | rc\1762254 | ||
| 005 | 20260406095234.0 | ||
| 035 | _a(NLR Aleph) 005286835 | ||
| 090 |
_a6151816 _c6151816 |
||
| 100 | _a20061204d1903 |||y0rusy50 ca | ||
| 101 | 0 | _arus | |
| 102 | _aRU | ||
| 105 | _aa z |||a| | ||
| 135 | _acoco 024aaaaa | ||
| 135 | _acoco 024aaaaa | ||
| 200 | 1 |
_aСудьба _eРассказ для детей _fС 20 рис. П.Е. Литвиненко _gИ.А. Любич-Кошуров |
|
| 210 |
_aМосква _cА.П. Ненашев _d1903 |
||
| 215 |
_a41 с. _cил. _d23 |
||
| 300 | _aЭл.копия создана на основе экземпляра РГБ | ||
| 325 | _aКопия доступна в Электрон. б-ке РНБ http://vivaldi.nlr.ru/bx000005858/view | ||
| 700 | 1 |
_8rus _7ca _aЛюбич-Кошуров _bИ. А. _f1872-1937 _gИоасаф Арианович _3RU\NLR\AUTH\77109536 _992461 |
|
| 702 | 1 |
_4440 _8rus _7ca _aЛитвиненко _bП. Е. _cписатель, художник _f19 в. _gПетр Евстафьевич _3RU\NLR\AUTH\7771424 _954352 |
|
| 801 | 0 |
_aRU _bNLR _c20061204 _gpsbo |
|
| 801 | 0 |
_aRU _bRuMoRGB _c20061204 _2psbo |
|
| 801 | 1 |
_aRU _bProSoft-M _c20061204 _2rusmarc |
|
| 801 | 2 |
_aRU _bNLR _c20130911 _2rusmarc |
|
| 852 |
_aNLR _j34.48.3.694 |
||
| 942 | _cBOOK | ||
| 980 | _aNB | ||
| 981 | 3 | 3 |
_a(33) Художественная литература _b(33) Отечественная литература |